000 00621nam a2200205 a 4500
001 000011755
005 20240530073912.0
008 091027s2001 dr 000 f spa d
020 _a9993461024
040 _aDO-SdBNP
_bspa
_cBNPHU
082 _aRD863.44
_bH684g
100 1 _aHobson, Bartolomé
_927815
245 1 4 _aLos generales :
_bnovela /
_cBartolomé Hobson (Jorge).
260 _aSanto Domingo :
_bBúho,
_c2001.
300 _a183 p. ;
_c22 cm.
590 _aInventariado, 2020/BT
650 0 _aNovela dominicana
_9223
650 0 _aLiteratura dominicana.
_967
910 _aValidado. Control de calidad. MMOLINA
999 _c11430
_d11430